Zo života slovenskej evanjelickej cirkvi

Bibliographic Details
Format: Book
Language:Slovak
PhysicalDescription:48 s. 8°
Published: [Liptovský Sv. Mikuláš] Tranoscius v nakl. CN, Bratislava 1954
Subjects:

MARC

LEADER 00000nam a2200000 a 4500
001 vtls008407485
003 SK-MaSNL
005 20260301043046.0
008 181109s1954 xo slo
015 |a SKSNBA19451955-014206 
035 |a SK01SNKBKSFS20020099702 
035 |a SKM000102165 
040 |a SNK  |b slo  |c SNK  |e AACR2 
041 0 |a slo 
044 |a xo  |c SK 
080 |a 284(437.6)  |2 1981 
245 1 0 |a Zo života slovenskej evanjelickej cirkvi 
260 |a [Liptovský Sv. Mikuláš]  |b Tranoscius v nakl. CN, Bratislava  |c 1954  |e Bratislava  |f Knižné závody 
300 |a 48 s.  |c 8° 
500 |a Ilustrované 
563 |a 10.200 výtlač. 
650 0 7 |a cirkev evanjelická a. v.  |z Slovensko  |2 SNK  |9 347285 
655 7 |a prehľady  |2 SNKPH  |9 70194 
852 |a Slovenská národná knižnica v Martine  |b 10000  |h MS SD 8983 
958 |a OND 
958 |a RK 
958 |a TL 
999 |c 592575  |d 594505 
952 |a SNK  |b SNK  |y PREZ  |7 0  |p 17A0390666  |o snkSD 8983  |i snk779/54  |0 0  |1 0  |4 0  |d 2009-03-05  |l 0  |r 2025-11-21 00:00:00  |w 2026-02-23 
952 |a SNK  |b SNK  |y VYP  |7 0  |p 17A0614794  |o snkSD 8983 D1  |i snkI. 6090/54  |0 0  |1 0  |4 0  |d 2009-03-05  |l 0  |r 2026-02-23 15:29:09  |w 2026-02-23